|
|
|
|
| LEADER |
00000nam0a2200000 4500 |
| 001 |
303648 |
| 005 |
20231102001626.0 |
| 035 |
|
|
|a (RuTPU)RU\TPU\book\328875
|
| 090 |
|
|
|a 303648
|
| 100 |
|
|
|a 20150903d1975 m y0rusy50 ca
|
| 101 |
0 |
|
|a rus
|
| 102 |
|
|
|a RU
|
| 105 |
|
|
|a a j 001zy
|
| 200 |
1 |
|
|a Электрорадиоизмерения
|e учебное пособие для вузов
|f Ф. В. Кушнир, В. Г. Савенко
|
| 210 |
|
|
|a Ленинград
|c Энергия
|d 1975
|
| 215 |
|
|
|a 368 с.
|c ил.
|
| 320 |
|
|
|a Библиогр.: с. 362.
|
| 320 |
|
|
|a Предметный указатель: с. 363-364.
|
| 606 |
1 |
|
|a Электрорадиоизмерения
|2 stltpush
|3 (RuTPU)RU\TPU\subj\64842
|9 81568
|
| 610 |
1 |
|
|a электрический ток
|
| 610 |
1 |
|
|a электрическое напряжение
|
| 610 |
1 |
|
|a измерительные каналы
|
| 610 |
1 |
|
|a генераторы
|
| 610 |
1 |
|
|a осциллографы
|
| 610 |
1 |
|
|a радиотехнические цепи
|
| 610 |
1 |
|
|a мощность
|
| 610 |
1 |
|
|a ослабления
|
| 610 |
1 |
|
|a частота
|
| 610 |
1 |
|
|a фазовые сдвиги
|
| 610 |
1 |
|
|a случайные сигналы
|
| 610 |
1 |
|
|a учебные пособия
|
| 675 |
|
|
|a 621.317.3(075.8)
|v 3
|
| 700 |
|
1 |
|a Кушнир
|b Ф. В.
|g Флор Васильевич
|
| 701 |
|
1 |
|a Савенко
|b В. Г.
|g Владимр Григорьевич
|
| 801 |
|
1 |
|a RU
|b 63413507
|c 20150903
|
| 801 |
|
2 |
|a RU
|b 63413507
|c 20211028
|g RCR
|
| 942 |
|
|
|c BK
|